Normal view
MARC view
- Fahad Hassan, Adil Bin Shabbir
Entry Personal Name
001 - CONTROL NUMBER
- control field: 92416
003 - CONTROL NUMBER IDENTIFIER
- control field: NUST
005 - DATE AND TIME OF LATEST TRANSACTION
- control field: 20220703133936.0
008 - FIXED-LENGTH DATA ELEMENTS
- fixed length control field: 220703|| aca||aabn | a|a d
040 ## - CATALOGING SOURCE
- Original cataloging agency: NUST
- Transcribing agency: NUST
100 ## - HEADING--PERSONAL NAME
- Personal name: Fahad Hassan, Adil Bin Shabbir
670 ## - SOURCE DATA FOUND
- Source citation: Work cat.: (NUST)11249: Wajahat Navid 92415, Design and development of tunable radio Frequency Filter, 2012
